• 首页
  • 本馆介绍
  • 公告通知
  • 最新文献
  • 馆藏检索
  • 电子资源
  • 读者荐购
  • 参考咨询
  • CALIS
  • 我的图书馆
  • 登录
  • 详细信息显示
  • 放入我的书架
  • 预约/预借图书
  • 作者相关作品
  • 分类相关作品
  • 丛书相关作品
  • 出版社相关作品

书目信息

  • 表格格式
  • 工作单格式
  • 卡片格式
题名:
城市系统模型
    
 
作者: (美)沃尔特.赫利著
分册:  
出版信息: 哈尔滨   哈尔滨工业大学出版社  1987.04
页数: 218页
开本: 32开
丛书名:
单 册:
中图分类: TU984.1
科图分类:
主题词:
电子资源:
ISBN:
 
 
 
 
 
000 00490nam0 2200169 45
001 0199004797
005 20220429103112.85
010    @d1.25元
100    @a19990804d km y0chiy0120 ea
101 0  @achi
105    @a z 000yy
200 1  @ACHENG SHI XI TONG MO XING@F( MEI) WO ER TE. HE LI ZHU@a城市系统模型@f(美)沃尔特.赫利著
210    @a哈尔滨@c哈尔滨工业大学出版社@d1987.04
215    @a218页@c无图表@d32开
690    @aTU984.1
801  0 @aCN@bPFT@c20220429
905    @dTU984.1@eW807@f11
    
    城市系统模型/(美)沃尔特.赫利著.-哈尔滨:哈尔滨工业大学出版社,1987.04
    218页:无图表;32开
    
    
    ISBN :1.25元
    
●
相关链接 在E读中查询图书 在当当中查询图书 在豆瓣中查询图书


正题名:城市系统模型     索取号:TU984.1/W807         预约/预借

序号 登录号 条形码 馆藏地/架位号 状态 备注
1 2207   200029913   建筑库201/201建筑库 92排2列3层/ [索取号:TU984.1/24] 在馆    
2 2208   200031009   建筑库201/201建筑库 92排2列3层/ [索取号:TU984.1/24] 在馆    
3 2209   200030386   自科二线404/404自科库 12排2列3层/ [索取号:TU984.1/24] 在馆    
4 2211   200030466   建筑库201/201建筑库 92排2列3层/ [索取号:TU984.1/24] 在馆    
5 8534   200030199   建筑库201/201建筑库 64排4列1层/ [索取号:TU984.1/24] 在馆    
6 8535   200030938   建筑库201/201建筑库 64排2列4层/ [索取号:TU984.1/24] 在馆    
7 8536   200029762   建筑库201/201建筑库 92排2列3层/ [索取号:TU984.1/24] 在馆    
8 8537   200030910   建筑库201/201建筑库 92排2列3层/ [索取号:TU984.1/24] 在馆    
9 8538   200030983   建筑库201/201建筑库 92排2列3层/ [索取号:TU984.1/24] 在馆    
河南城建学院图书馆 欢迎您!
大连网信软件有限公司© 版权所有